Normal view
MARC view
- Jerome, K
Entry Personal Name
001 - CONTROL NUMBER
- control field: 6479
003 - CONTROL NUMBER IDENTIFIER
- control field: OSt
005 - DATE AND TIME OF LATEST TRANSACTION
- control field: 20180219130936.0
008 - FIXED-LENGTH DATA ELEMENTS
- fixed length control field: 180219|| aca||aabn | a|a d
040 ## - CATALOGING SOURCE
- Original cataloging agency: OSt
- Transcribing agency: OSt
100 ## - HEADING--PERSONAL NAME
- Personal name: Jerome, K
670 ## - SOURCE DATA FOUND
- Source citation: Work cat.: (OSt): Jerome, K, The men in a Boat IX, 2013